| 000 | 00536nam a2200169 i 4500 | ||
|---|---|---|---|
| 001 | 59408 | ||
| 003 | ES-MaACL | ||
| 005 | 20230906164027.0 | ||
| 007 | t| | ||
| 008 | 031029s1963 ag ||||1| spa d | ||
| 100 | 1 |
_aEllin, Stanley. _947026 |
|
| 245 | 1 | 3 |
_aEl invierno que seguirá a este verano / _cpor Stanley Ellin ; [traducción de Soledad Lileo de Giralt]. |
| 260 |
_aBuenos Aires : _bPlaza & Janés, _c[1963] |
||
| 300 |
_a463 p. ; _c24 cm. |
||
| 700 | 1 |
_aLileo de Giralt, Soledad. _972283 |
|
| 852 |
_aES-MaACL _jC-23919 _bR.52727 |
||
| 999 |
_c59408 _d59408 |
||